Statistics for Countries That Beat Peru

Click here to take the quiz!

General Stats

  • This quiz has been taken 50 times
  • The average score is 13 of 16

Answer Stats

RankCategoryCountries% Correct
2Most area in the Amazon RainforestBrazil
100%
7Most Spanish speakersMexico | Colombia | Argentina | United States | Spain | Venezuela
100%
6Most Japanese people (outside of Japan)Brazil | United States | China | Philippines | Canada
98%
9Most forestRussia | Brazil | Canada | United States | China | Australia | D.R. Congo | Indonesia
98%
5Most fish caughtChina | Indonesia | United States | Russia
96%
5Most World Heritage Sites in the AmericasMexico | United States | Brazil | Canada
96%
3Largest country in South AmericaBrazil | Argentina
94%
7 (t)Most official languagesSouth Africa | Ethiopia | Papua New Guinea | Switzerland | Singapore | Rwanda
92%
3Highest elevation outside AsiaChile | Argentina
90%
5Largest Mormon populationUnited States | Mexico | Brazil | Philippines
90%
3City at the highest altitude (population > 100,000)Bolivia | China
88%
3Most avocadoes producedMexico | Dominican Republic
76%
5Least populous megacityChina | India | Japan | Vietnam
61%
2Most copper producedChile
53%
2Most unique bird speciesColombia
49%
2Highest sand duneArgentina
37%

Score Distribution

Percentile by Number Answered

Percent of People with Each Score

Your Score History

You have not taken this quiz